000 00756nam a2200241Ia 4500
003 OSt
005 20220927103333.0
006 a|||||r|||| 00| 0
007 ta
008 220926b |||||||| |||| 00| 0 eng d
024 _a104988
037 _cReference Collections
040 _aRTL
_cRTL
_beng
041 _2eng
_aeng
082 _a"X9(J381):95.2.N44t, H6/GD"
111 _aLabour investigation(committee)(chairman : D V Rage). (1944 : India)
_9356750
245 0 _aReport on labour conditions in the rice mills by B
260 _aDelhi
_bMOP India
_c1946
300 _a74p.
_ccm.
650 _aRice
_9356751
942 _h"X9(J381):95.2.N44t, H6/GD"
_cCC
999 _c682621
_d682621